00553nam a2200145 4500082002000000245003800020260003900058300000800097490001500105650001700120942000700137999001500144952012400159952012400283 a530 PHYb007564 aGeneral Physics & Thermal Physics bOpen University of Sri Lankac1983 a232 aBlock - 1A aPhysics9343 cBK c5032d5032 0010708NFICaMLCampusbMLCampuscGENd2024-06-08hBlock - 1Al0o530 PHYp007564r2024-06-08 14:30:57w2024-06-08yBK 0010708NFICaMLCampusbMLCampuscGENd2024-06-08hBlock - 1Bl0o530 PHYp007563r2024-06-08 14:33:21w2024-06-08yBK